00313nam a22001457a 4500003000400000005001700004008004100021020001500062040000700077082001200084100001800096245002200114260002300136300000800159OSt20211006123811.0211006b |||||||| |||| 00| 0 eng d a0073102148 chu a302/soc akaren g duffy asocial psychology arussiabhallc2006 a307